[Event "Klaipeda Sea op-A 20th"]
[Site "Klaipeda"]
[Date "2023.07.26"]
[Round "1"]
[White "Pidluznij, Gleb"]
[Black "Pakalniskis, Romas"]
[Result "1-0"]
[WhiteElo "2233"]
[BlackElo "1412"]
[PlyCount "41"]
[EventDate "2023.07.26"]
[EventType "swiss"]
[EventRounds "6"]
[EventCountry "LTU"]
[SourceTitle "CBM 215 Extra"]
[Source "ChessBase"]
[SourceDate "2023.09.30"]
[SourceVersion "1"]
[SourceVersionDate "2023.09.30"]
[SourceQuality "1"]

1. e4 c5 2. Nf3 Nc6 3. Bb5 e6 4. 0-0 Nge7 5. d4 cxd4 6. Nxd4 a6 7. Be2 Nxd4 8. Qxd4 Nc6 9. Qc3 Qf6 10. Qxf6 gxf6 11. Be3 b5 12. a4 b4 13. Nd2 a5 14. Bb5 Bb7 15. Nc4 Be7 16. Rfd1 Rc8 17. f3 h5 18. Rd2 h4 19. Rad1 Kf8 20. Rxd7 Ba8 21. Nb6 1-0

[Event "Klaipeda Sea op-A 19th"]
[Site "Klaipeda"]
[Date "2022.07.28"]
[Round "4"]
[White "Pakalniskis, Romas"]
[Black "Januseviciute, Donata"]
[Result "0-1"]
[WhiteElo "1496"]
[BlackElo "1435"]
[PlyCount "62"]
[EventDate "2022.07.25"]
[EventType "swiss"]
[EventRounds "7"]
[EventCountry "LTU"]
[SourceTitle "CBM 209 Extra"]
[Source "ChessBase"]
[SourceDate "2022.09.30"]
[SourceVersion "1"]
[SourceVersionDate "2022.09.30"]
[SourceQuality "1"]

1. Nf3 Nf6 2. d4 d5 3. c4 e6 4. Nc3 c6 5. e3 Nbd7 6. a3 a5 7. Bd3 dxc4 8. Bxc4 Be7 9. 0-0 0-0 10. Qe2 c5 11. Rd1 Qc7 12. Nb5 Qb8 13. e4 cxd4 14. e5 Nd5 15. Rxd4 N7b6 16. Bd3 Bd7 17. Qe4 f5 18. exf6 Nxf6 19. Qh4 e5 20. Rxd7 Nbxd7 21. Bxh7+ Nxh7 22. Qxe7 Qe8 23. Qh4 Rc8 24. Bg5 Qg6 25. Be7 Rf4 26. Qg3 Qxg3 27. hxg3 Rg4 28. Nd6 Rc2 29. Rd1 Nhf6 30. Bxf6 gxf6 31. Nxb7 Nb6 0-1

[Event "Klaipeda Sea op-A 19th"]
[Site "Klaipeda"]
[Date "2022.07.25"]
[Round "1"]
[White "Pakalniskis, Romas"]
[Black "Pidluznij, Gleb"]
[Result "0-1"]
[WhiteElo "1496"]
[BlackElo "2032"]
[PlyCount "96"]
[EventDate "2022.07.25"]
[EventType "swiss"]
[EventRounds "7"]
[EventCountry "LTU"]
[SourceTitle "CBM 209 Extra"]
[Source "ChessBase"]
[SourceDate "2022.09.30"]
[SourceVersion "1"]
[SourceVersionDate "2022.09.30"]
[SourceQuality "1"]

1. Nf3 d5 2. d4 Nf6 3. c4 e6 4. Nc3 c5 5. e3 Nc6 6. a3 a6 7. Be2 dxc4 8. Bxc4 b5 9. Be2 Bb7 10. dxc5 Qxd1+ 11. Bxd1 Bxc5 12. b4 Bd6 13. Bb2 Ke7 14. 0-0 Rac8 15. Rc1 Rhd8 16. Be2 Ne5 17. Rfd1 Bxf3 18. gxf3 Nc4 19. Bxc4 Rxc4 20. Nb1 Rdc8 21. Nd2 Rxc1 22. Rxc1 Rxc1+ 23. Bxc1 Nd7 24. Bb2 f6 25. Nb3 Nb6 26. Na5 Kd7 27. h3 Nc4 28. Nxc4 bxc4 29. Bc3 a5 30. bxa5 Bxa3 31. Kf1 Kc6 32. Ke2 Kb5 33. e4 Bd6 34. Ke3 e5 35. Kd2 Bc7 36. Kc2 Bxa5 37. Bb2 Bb6 38. f4 exf4 39. f3 Bc7 40. Bc3 Be5 41. Bd2 g5 42. Be1 h5 43. Bd2 Bd4 44. Be1 Kc6 45. Bd2 Kb5 46. Be1 g4 47. fxg4 hxg4 48. hxg4 f3 0-1

[Event "Klaipeda Rooks Cup"]
[Site "Klaipeda"]
[Date "2022.03.24"]
[Round "4"]
[White "Burdin, Oleg"]
[Black "Pakalniskis, Romas"]
[Result "1-0"]
[WhiteElo "1155"]
[BlackElo "1538"]
[PlyCount "27"]
[EventDate "2022.03.15"]
[EventType "swiss"]
[EventRounds "8"]
[EventCountry "LTU"]
[SourceTitle "CBM 207 Extra"]
[Source "ChessBase"]
[SourceDate "2022.05.31"]
[SourceVersion "1"]
[SourceVersionDate "2022.05.31"]
[SourceQuality "1"]

1. e4 c5 2. d3 Nc6 3. Nf3 a6 4. g3 g6 5. Bg2 Bg7 6. 0-0 e6 7. Nbd2 Nge7 8. Re1 0-0 9. Nb3 Nd4 10. Nfxd4 cxd4 11. f4 e5 12. Qe2 Qc7 13. Qf2 a5 14. a4 1-0

[Event "Klaipeda Rooks Cup"]
[Site "Klaipeda"]
[Date "2022.03.22"]
[Round "3"]
[White "Pakalniskis, Romas"]
[Black "Gluchaciov, Nikolaj"]
[Result "0-1"]
[WhiteElo "1538"]
[BlackElo "1729"]
[PlyCount "54"]
[EventDate "2022.03.15"]
[EventType "swiss"]
[EventRounds "8"]
[EventCountry "LTU"]
[SourceTitle "CBM 207 Extra"]
[Source "ChessBase"]
[SourceDate "2022.05.31"]
[SourceVersion "1"]
[SourceVersionDate "2022.05.31"]
[SourceQuality "1"]

1. d4 Nf6 2. c4 g6 3. Nc3 Bg7 4. e4 d6 5. f3 0-0 6. Bg5 h6 7. Be3 Kh7 8. Qd2 Nc6 9. Bd3 Nd7 10. Nge2 e5 11. d5 Nd4 12. Rc1 c5 13. 0-0 Nf6 14. Bb1 a6 15. Kh1 Bd7 16. Bg1 b5 17. cxb5 axb5 18. Nxd4 cxd4 19. Ne2 h5 20. Rce1 Bh6 21. Qd3 g5 22. g3 Qa5 23. f4 Bh3 24. fxe5 dxe5 25. Nxd4 Ng4 26. Nc6 Qc7 27. Rf5 f6 0-1

[Event "Klaipeda Rumiancev Memorial-A"]
[Site "Klaipeda"]
[Date "2021.07.22"]
[Round "4"]
[White "Vaiciunas, Giedrius"]
[Black "Pakalniskis, Romas"]
[Result "1-0"]
[WhiteElo "1475"]
[BlackElo "1563"]
[PlyCount "65"]
[EventDate "2021.07.19"]
[EventType "swiss"]
[EventRounds "7"]
[EventCountry "LTU"]
[SourceTitle "EXT 2022"]
[Source "ChessBase"]
[SourceDate "2021.10.06"]
[SourceVersion "1"]
[SourceVersionDate "2021.10.06"]
[SourceQuality "1"]

1. d4 Nf6 2. c4 e6 3. Nc3 d5 4. cxd5 exd5 5. Bg5 c6 6. e3 Be7 7. Bd3 Nbd7 8. Nge2 h6 9. Bh4 0-0 10. Qd2 Re8 11. 0-0 Nf8 12. f3 Be6 13. Bf2 Qd7 14. Rfb1 Bf5 15. Ng3 Bxd3 16. Qxd3 Bd6 17. b4 b5 18. a4 a6 19. a5 Ne6 20. e4 Bxg3 21. hxg3 dxe4 22. Nxe4 Nxe4 23. fxe4 Ng5 24. Re1 Re6 25. Rad1 Rae8 26. e5 Qd5 27. Be3 Nh7 28. Bf2 f5 29. exf6 Nxf6 30. Rxe6 Rxe6 31. Rf1 Re4 32. Re1 Ng4 33. Qxe4 1-0

[Event "Klaipeda Rooks Cup"]
[Site "Klaipeda"]
[Date "2020.09.27"]
[Round "6"]
[White "Piksrys, Rutenis"]
[Black "Pakalniskis, Romas"]
[Result "1-0"]
[WhiteElo "1548"]
[BlackElo "1620"]
[PlyCount "61"]
[EventDate "2020.09.20"]
[EventType "swiss"]
[EventRounds "9"]
[EventCountry "LTU"]
[SourceTitle "CBM 198 Extra"]
[Source "ChessBase"]
[SourceDate "2020.11.30"]
[SourceVersion "1"]
[SourceVersionDate "2020.11.30"]
[SourceQuality "1"]

1. Nf3 d5 2. c4 dxc4 3. e3 a6 4. a4 Nc6 5. Bxc4 e6 6. 0-0 Nf6 7. Na3 Na5 8. Ba2 c5 9. Nc2 Be7 10. d4 c4 11. Ne5 b5 12. Bd2 Bb7 13. Bxa5 Qxa5 14. axb5 axb5 15. Bxc4 bxc4 16. Rxa5 Rxa5 17. Nxc4 Rg5 18. g3 0-0 19. Ne5 Bd6 20. f4 Rh5 21. Nd7 Nxd7 22. Qxh5 Be4 23. Na3 Nf6 24. Qe2 Nd5 25. Nc4 Bb4 26. Nd2 Bg6 27. e4 Nf6 28. f5 exf5 29. exf5 Bh5 30. Qd3 Rd8 31. h3 1-0

[Event "Klaipeda Rooks Cup"]
[Site "Klaipeda"]
[Date "2020.09.20"]
[Round "2"]
[White "Lengvinas, Matas"]
[Black "Pakalniskis, Romas"]
[Result "1-0"]
[WhiteElo "1166"]
[BlackElo "1620"]
[PlyCount "73"]
[EventDate "2020.09.20"]
[EventType "swiss"]
[EventRounds "9"]
[EventCountry "LTU"]
[SourceTitle "CBM 198 Extra"]
[Source "ChessBase"]
[SourceDate "2020.11.30"]
[SourceVersion "1"]
[SourceVersionDate "2020.11.30"]
[SourceQuality "1"]

1. c4 e5 2. Nc3 Nc6 3. g3 Nf6 4. Bg2 Bb4 5. e4 Bxc3 6. bxc3 d6 7. Ne2 0-0 8. 0-0 Bg4 9. f3 Be6 10. d3 h6 11. Rb1 Rb8 12. f4 Bg4 13. f5 Nh7 14. h3 Bxe2 15. Qxe2 f6 16. h4 Rf7 17. Bf3 Rd7 18. Bh5 Qe7 19. Qg4 Kh8 20. Qh3 Nd8 21. g4 Kg8 22. Kf2 Nf7 23. Rg1 c5 24. Bg6 Nf8 25. g5 fxg5 26. Bxf7+ Qxf7 27. hxg5 g6 28. gxh6 Kh8 29. Ke2 Qh7 30. fxg6 Nxg6 31. Rxg6 Qxg6 32. Qxd7 Rg8 33. Qh3 Qg1 34. Qf1 Rg2+ 35. Ke1 Qh2 36. Be3 Qh4+ 37. Kd1 1-0

[Event "Klaipeda Sea op-A 17th"]
[Site "Klaipeda"]
[Date "2020.07.23"]
[Round "4"]
[White "Pakalniskis, Romas"]
[Black "Piksrys, Rutenis"]
[Result "0-1"]
[WhiteElo "1653"]
[BlackElo "1532"]
[PlyCount "76"]
[EventDate "2020.07.20"]
[EventType "swiss"]
[EventRounds "7"]
[EventCountry "LTU"]
[SourceTitle "CBM 197 Extra"]
[Source "ChessBase"]
[SourceDate "2020.09.30"]
[SourceVersion "1"]
[SourceVersionDate "2020.09.30"]
[SourceQuality "1"]

1. d4 Nf6 2. Nf3 g6 3. c4 Bg7 4. Nc3 0-0 5. e4 d6 6. Be2 Nbd7 7. 0-0 e5 8. Bg5 c6 9. dxe5 dxe5 10. Qc2 a5 11. a3 Qe7 12. Rab1 h6 13. Bh4 g5 14. Bg3 Nh5 15. Ne1 Nf4 16. Bg4 h5 17. Bf5 b6 18. b4 axb4 19. axb4 h4 20. Bxf4 exf4 21. Nf3 Ba6 22. b5 cxb5 23. cxb5 Bb7 24. Nd5 Bxd5 25. exd5 Rfc8 26. Qd1 Rc5 27. Re1 Qd8 28. h3 Bf6 29. Kh2 Ra5 30. Bxd7 Qxd7 31. d6 Raxb5 32. Rxb5 Rxb5 33. Qa4 Qf5 34. Qa8+ Kh7 35. Qf8 Bg7 36. Qe7 Rd5 37. d7 Rxd7 38. Nxg5+ Kg6 0-1

[Event "Klaipeda-ch"]
[Site "Klaipeda"]
[Date "2020.02.29"]
[Round "6"]
[White "Zirnovas, Martynas"]
[Black "Pakalniskis, Romas"]
[Result "1/2-1/2"]
[WhiteElo "1780"]
[BlackElo "1654"]
[PlyCount "127"]
[EventDate "2020.01.19"]
[EventType "tourn"]
[EventRounds "11"]
[EventCountry "LTU"]
[SourceTitle "CBM 195 Extra"]
[Source "ChessBase"]
[SourceDate "2020.05.31"]
[SourceVersion "1"]
[SourceVersionDate "2020.05.31"]
[SourceQuality "1"]

1. e4 c5 2. Nf3 Nc6 3. d4 cxd4 4. Nxd4 Qb6 5. Nb3 Nf6 6. Nc3 e6 7. Bd3 a6 8. 0-0 Be7 9. Be3 Qc7 10. Na4 b5 11. Nb6 Rb8 12. Nxc8 Rxc8 13. a4 Rb8 14. axb5 axb5 15. c3 0-0 16. f4 d5 17. e5 Nd7 18. Qh5 g6 19. Qh6 Rfe8 20. h4 Bf8 21. Qg5 Bg7 22. h5 Ne7 23. h6 Bh8 24. Ra7 Rb7 25. Rfa1 Nc6 26. Rxb7 Qxb7 27. Nc5 Nxc5 28. Bxc5 f6 29. exf6 Kf7 30. f5 exf5 31. Bxf5 Bxf6 32. Bxg6+ hxg6 33. Qxd5+ Re6 34. Re1 Qc8 35. h7 Ne7 36. Bxe7 Kxe7 37. Rf1 Bh8 38. Qxb5 Rf6 39. Qe5+ Qe6 40. Qc7+ Qd7 41. Re1+ Re6 42. Qc5+ Qd6 43. Qg5+ Kf7 44. Ra1 Qe7 45. Qg3 Kg7 46. Qf2 Re2 47. Ra7 Rxf2 48. Rxe7+ Rf7 49. Rxf7+ Kxf7 50. Kf2 Kg7 51. Ke3 Kxh7 52. Kd3 Kg8 53. b4 Kf7 54. c4 Ke6 55. Ke4 Kd6 56. Kf4 Bf6 57. Ke4 Bc3 58. Kf4 Bd2+ 59. Kg4 Ke5 60. b5 Kd6 61. b6 Kc6 62. c5 Bh6 63. g3 Be3 64. Kh4 1/2-1/2

[Event "LTU-ch sf"]
[Site "Klaipeda"]
[Date "2019.10.20"]
[Round "6"]
[White "Borisovaite, Ana"]
[Black "Pakalniskis, Romas"]
[Result "1/2-1/2"]
[WhiteElo "1375"]
[BlackElo "1645"]
[PlyCount "82"]
[EventDate "2019.10.05"]
[EventType "swiss"]
[EventRounds "8"]
[EventCountry "LTU"]
[SourceTitle "CBM 192 Extra"]
[Source "Chessbase"]
[SourceDate "2019.11.06"]
[SourceVersion "1"]
[SourceVersionDate "2019.11.06"]
[SourceQuality "1"]

1. d4 d5 2. Bf4 Nf6 3. Nd2 Bf5 4. e3 e6 5. Ngf3 Be7 6. h3 h6 7. Bd3 Bxd3 8. cxd3 c6 9. 0-0 Nbd7 10. Rc1 0-0 11. Qb3 Qb6 12. Qxb6 axb6 13. a3 b5 14. Nb3 Ra6 15. Ne5 Nxe5 16. Bxe5 Nd7 17. Ra1 Rfa8 18. Bc7 b4 19. axb4 Bxb4 20. Rxa6 Rxa6 21. Ra1 Rxa1+ 22. Nxa1 f5 23. Nb3 Kf7 24. f4 b6 25. Kf2 c5 26. dxc5 Bxc5 27. d4 Bb4 28. Nc1 b5 29. Nd3 Be7 30. g3 Nf6 31. Ba5 Ne4+ 32. Kf3 Bd6 33. Be1 Ke7 34. Bb4 Bxb4 35. Nxb4 Kd6 36. h4 h5 37. Nd3 Nd2+ 38. Kf2 Nc4 39. b4 Nd2 40. Ke2 Ne4 41. Kf3 Nd2+ 1/2-1/2

[Event "Klaipeda Sea op-B 16th"]
[Site "Klaipeda"]
[Date "2019.07.22"]
[Round "1"]
[White "Pakalniskis, Romas"]
[Black "Zozulia, Alexander"]
[Result "0-1"]
[WhiteElo "1656"]
[BlackElo "2051"]
[PlyCount "50"]
[EventDate "2019.07.22"]
[EventType "swiss"]
[EventRounds "7"]
[EventCountry "LTU"]
[SourceTitle "CBM 191 Extra"]
[Source "ChessBase"]
[SourceDate "2019.09.30"]
[SourceVersion "1"]
[SourceVersionDate "2019.09.30"]
[SourceQuality "1"]

1. d4 d5 2. Nf3 c6 3. c4 e6 4. e3 Bd6 5. Nc3 f5 6. c5 Bc7 7. b4 a6 8. a4 Nf6 9. Bb2 0-0 10. a5 Nbd7 11. Qc2 Ne4 12. Na4 Ndf6 13. h3 Bd7 14. Bd3 Be8 15. 0-0-0 Bh5 16. Rdg1 f4 17. Bxe4 Nxe4 18. Nc3 Nxc3 19. Bxc3 fxe3 20. fxe3 Bxf3 21. gxf3 Rxf3 22. Qe2 Qf6 23. Rg2 Rf8 24. Be1 Qh6 25. Kd2 Rxe3 0-1

[Event "Plunge op-A 39th"]
[Site "Plateliai"]
[Date "2019.07.17"]
[Round "4"]
[White "Skierus, Algimantas"]
[Black "Pakalniskis, Romas"]
[Result "1-0"]
[WhiteElo "1910"]
[BlackElo "1666"]
[PlyCount "57"]
[EventDate "2019.07.15"]
[EventType "swiss"]
[EventRounds "9"]
[EventCountry "LTU"]
[SourceTitle "CBM 191 Extra"]
[Source "ChessBase"]
[SourceDate "2019.09.30"]
[SourceVersion "1"]
[SourceVersionDate "2019.09.30"]
[SourceQuality "1"]

1. d4 Nf6 2. c4 e6 3. Nf3 d5 4. g3 c6 5. Bg2 Bd6 6. 0-0 Nbd7 7. Nc3 0-0 8. Qc2 Re8 9. e4 dxe4 10. Ng5 h6 11. Ngxe4 Nxe4 12. Nxe4 Bf8 13. Rd1 Nf6 14. Nc3 Qe7 15. b3 Rd8 16. Bb2 Bd7 17. Re1 Qd6 18. Rad1 Qc7 19. a3 Be8 20. Na4 Ne4 21. Qxe4 a5 22. Bf1 Bd7 23. Bd3 f5 24. Qf3 Re8 25. d5 exd5 26. cxd5 Rxe1+ 27. Rxe1 g6 28. Bc4 Kh7 29. Qc3 1-0

[Event "Plunge op-A 39th"]
[Site "Plateliai"]
[Date "2019.07.15"]
[Round "1"]
[White "Butvilas, Aistis"]
[Black "Pakalniskis, Romas"]
[Result "1-0"]
[WhiteElo "2019"]
[BlackElo "1666"]
[PlyCount "85"]
[EventDate "2019.07.15"]
[EventType "swiss"]
[EventRounds "9"]
[EventCountry "LTU"]
[SourceTitle "CBM 191 Extra"]
[Source "ChessBase"]
[SourceDate "2019.09.30"]
[SourceVersion "1"]
[SourceVersionDate "2019.09.30"]
[SourceQuality "1"]

1. d4 Nf6 2. c4 e6 3. Nf3 d5 4. Nc3 c6 5. e3 Bd6 6. Qc2 Nbd7 7. Bd3 a6 8. 0-0 0-0 9. e4 dxe4 10. Nxe4 Nxe4 11. Bxe4 Nf6 12. Bd3 h6 13. Bd2 Re8 14. Rfe1 Qc7 15. Bc3 Bd7 16. Rad1 Rad8 17. h3 b5 18. Bf1 bxc4 19. Bxc4 a5 20. Ne5 Nd5 21. Bd3 Bxe5 22. dxe5 c5 23. Rc1 Qb6 24. Be4 a4 25. Red1 Nb4 26. Bxb4 cxb4 27. Rd6 Qb8 28. Qd2 Bb5 29. Qxb4 Rxd6 30. exd6 Bd7 31. Qd2 Rc8 32. Rc3 f5 33. Bf3 Rxc3 34. bxc3 a3 35. Qd3 Qb2 36. Qc4 Bb5 37. Qxe6+ Kh8 38. Qc8+ Kh7 39. Qxf5+ Kh8 40. Qf8+ Kh7 41. Be4+ g6 42. Qf7+ Kh8 43. Qf6+ 1-0

[Event "Klaipeda Rooks Cup"]
[Site "Klaipeda"]
[Date "2019.05.12"]
[Round "6"]
[White "Barsciauskas, Gintautas"]
[Black "Pakalniskis, Romas"]
[Result "1/2-1/2"]
[WhiteElo "1536"]
[BlackElo "1621"]
[PlyCount "105"]
[EventDate "2019.04.07"]
[EventType "swiss"]
[EventRounds "7"]
[EventCountry "LTU"]
[SourceTitle "CBM 190 Extra"]
[Source "ChessBase"]
[SourceDate "2019.07.15"]
[SourceVersion "1"]
[SourceVersionDate "2019.07.15"]
[SourceQuality "1"]

1. d4 Nf6 2. Nf3 d5 3. c4 e6 4. Nc3 a6 5. e3 Nbd7 6. Bd3 dxc4 7. Bxc4 b5 8. Bd3 Bb7 9. 0-0 c5 10. b3 Rc8 11. Bb2 Be7 12. Rc1 0-0 13. Qe2 Nb6 14. Rfd1 c4 15. bxc4 Nxc4 16. Ba1 Ba3 17. Rb1 Qe7 18. e4 Rfd8 19. Rb3 Rc7 20. Nb1 Bb4 21. g3 Rdc8 22. h4 Na5 23. Rb2 Rc1 24. Rc2 R8xc2 25. Bxc2 Rxd1+ 26. Qxd1 Nxe4 27. Qe2 Nf6 28. a4 Nc4 29. Ne5 Qc7 30. f3 Nxe5 31. dxe5 Nd5 32. Bd4 Bc5 33. Bxc5 Qxc5+ 34. Kh2 Nb4 35. Bd1 Bd5 36. axb5 axb5 37. Na3 Bc4 38. Qd2 h6 39. Nc2 Nd3 40. Ne3 Qxe5 41. Ng4 Qb2 42. Bc2 b4 43. Ne3 b3 44. Nxc4 Qxc2 45. Kh3 Qxc4 46. Qa5 b2 47. Qb6 Qa2 48. Qd8+ Kh7 49. Qxd3+ g6 50. Qd7 Kg7 51. Qd4+ Kh7 52. Qf6 Qa7 53. Qxb2 1/2-1/2

[Event "Klaipeda Rooks Cup"]
[Site "Klaipeda"]
[Date "2019.04.29"]
[Round "4"]
[White "Pakalniskis, Romas"]
[Black "Pidluznij, Gleb"]
[Result "0-1"]
[WhiteElo "1621"]
[BlackElo "1939"]
[PlyCount "92"]
[EventDate "2019.04.07"]
[EventType "swiss"]
[EventRounds "7"]
[EventCountry "LTU"]
[SourceTitle "CBM 190 Extra"]
[Source "ChessBase"]
[SourceDate "2019.07.15"]
[SourceVersion "1"]
[SourceVersionDate "2019.07.15"]
[SourceQuality "1"]

1. Nf3 d5 2. d4 Nf6 3. c4 dxc4 4. Nc3 a6 5. a4 Nc6 6. e3 Bg4 7. Bxc4 e6 8. h3 Bh5 9. g4 Bg6 10. Bd3 Bd6 11. e4 Bb4 12. e5 Nd5 13. Qc2 Bxc3+ 14. bxc3 Ndb4 15. cxb4 Nxb4 16. Bxg6 Nxc2+ 17. Bxc2 Qd5 18. Ke2 b5 19. Be3 0-0 20. Nd2 Qd7 21. Be4 Rab8 22. a5 f6 23. f4 fxe5 24. fxe5 b4 25. Nb3 Qb5+ 26. Kd2 Rbd8 27. Bd3 Qd5 28. Nc5 Qg2+ 29. Be2 Qd5 30. Kc2 b3+ 31. Kb2 Qg2 32. Rae1 Rf3 33. Rhg1 Qh2 34. Rh1 Qxh1 35. Rxh1 Rxe3 36. Bxa6 Rxd4 37. Nxe6 Rd2+ 38. Ka3 b2+ 39. Kb4 Rxh3 40. Rb1 Rc2 41. Bc4 Rhc3 42. Ba2 Kh8 43. Nd4 c5+ 44. Kb5 cxd4 45. a6 Ra3 46. Rf1 Rc8 0-1

[Event "LTU-chT"]
[Site "Lithuania"]
[Date "2019.04.28"]
[Round "7.6"]
[White "Ivanauskas, Darius"]
[Black "Pakalniskis, Romas"]
[Result "0-1"]
[WhiteElo "1519"]
[BlackElo "1604"]
[PlyCount "99"]
[EventDate "2019.01.26"]
[EventType "team-swiss"]
[EventRounds "7"]
[EventCountry "LTU"]
[SourceTitle "CBM 190 Extra"]
[Source "ChessBase"]
[SourceDate "2019.07.15"]
[SourceVersion "1"]
[SourceVersionDate "2019.07.15"]
[SourceQuality "1"]
[WhiteTeam "Rokiskis"]
[BlackTeam "Vilnius LASF"]
[WhiteTeamCountry "LTU"]
[BlackTeamCountry "LTU"]

1. c4 c5 2. Nc3 Nc6 3. Nf3 Nf6 4. g3 b6 5. Bg2 Bb7 6. 0-0 g6 7. e3 Bg7 8. d4 d6 9. Qa4 0-0 10. Rd1 Qc8 11. d5 Nb8 12. e4 Nbd7 13. Qc2 Ng4 14. Bf4 Nge5 15. Bxe5 Nxe5 16. Nxe5 Bxe5 17. Ne2 Qg4 18. h3 Qd7 19. f4 Bg7 20. Rd3 b5 21. Rb1 bxc4 22. Qxc4 a5 23. Qc2 Ba6 24. Re3 Rfb8 25. e5 Rb4 26. e6 Qe8 27. f5 Rab8 28. b3 a4 29. exf7+ Qxf7 30. fxg6 hxg6 31. Rf1 Qe8 32. Re6 axb3 33. axb3 Rxb3 34. Qe4 R8b4 35. Qc2 Rb2 36. Qd1 Rb1 37. Qd2 R4b2 38. Qg5 Rxf1+ 39. Bxf1 Bf6 40. Qh6 Bc4 41. Qc1 Qb5 42. Rxf6 exf6 43. Nc3 Qb3 44. Bxc4 Qc2 45. Qxc2 Rxc2 46. Ne4 Rxc4 47. Nxf6+ Kf7 48. Ng4 Rxg4 49. hxg4 Kf6 50. Kf2 0-1

[Event "LTU-chT"]
[Site "Lithuania"]
[Date "2019.04.27"]
[Round "6.8"]
[White "Pakalniskis, Romas"]
[Black "Blazys, Titas"]
[Result "1-0"]
[WhiteElo "1604"]
[BlackElo "1207"]
[PlyCount "35"]
[EventDate "2019.01.26"]
[EventType "team-swiss"]
[EventRounds "7"]
[EventCountry "LTU"]
[SourceTitle "CBM 190 Extra"]
[Source "ChessBase"]
[SourceDate "2019.07.15"]
[SourceVersion "1"]
[SourceVersionDate "2019.07.15"]
[SourceQuality "1"]
[WhiteTeam "Vilnius LASF"]
[BlackTeam "Vilnius Pasaku II"]
[WhiteTeamCountry "LTU"]
[BlackTeamCountry "LTU"]

1. d4 d5 2. Nf3 c5 3. c4 Nc6 4. cxd5 Qxd5 5. Nc3 Qd8 6. d5 Nb4 7. a3 Na6 8. e4 Nc7 9. Bf4 Nf6 10. Qc2 e6 11. Rd1 exd5 12. exd5 Ncxd5 13. Bb5+ Bd7 14. Nxd5 Nxd5 15. Qe4+ Be7 16. Bxd7+ Qxd7 17. Rxd5 Qg4 18. Rg5 1-0

[Event "LTU-ch blind"]
[Site "Vilnius"]
[Date "2019.03.04"]
[Round "4"]
[White "Pakalniskis, Romas"]
[Black "Rutkauskas, Gediminas"]
[Result "1/2-1/2"]
[WhiteElo "1604"]
[BlackElo "1806"]
[PlyCount "107"]
[EventDate "2019.03.02"]
[EventType "tourn"]
[EventRounds "9"]
[EventCountry "LTU"]
[SourceTitle "CBM 189 Extra"]
[Source "ChessBase"]
[SourceDate "2019.06.03"]
[SourceVersion "1"]
[SourceVersionDate "2019.06.03"]
[SourceQuality "1"]

1. d4 Nf6 2. Nf3 e6 3. c4 b6 4. Nc3 Bb7 5. Bg5 Be7 6. e3 Ne4 7. Bxe7 Qxe7 8. Rc1 0-0 9. Bd3 f5 10. Qc2 Ng5 11. Be2 a5 12. h4 Ne4 13. Bd3 Nxc3 14. Qxc3 Na6 15. a3 a4 16. Bc2 Nb8 17. Qd2 c5 18. dxc5 Qxc5 19. Bd1 Qe7 20. Be2 Nc6 21. Kf1 Na5 22. Qb4 Qxb4 23. axb4 Nc6 24. b5 Na5 25. Ne5 Rfd8 26. Bf3 Bxf3 27. Nxf3 Rdc8 28. Nd2 d5 29. h5 Nxc4 30. Nxc4 Rxc4 31. Rxc4 dxc4 32. Ke2 Ra5 33. Kd2 Rxb5 34. Kc2 Rd5 35. h6 b5 36. hxg7 Kxg7 37. Rh4 e5 38. g4 fxg4 39. Rxg4+ Kf6 40. Rh4 Kg6 41. Rg4+ Kh5 42. Rg7 Kh6 43. Rg8 Kh5 44. Rb8 h6 45. e4 Rd4 46. f3 Rd3 47. Rxb5 Rxf3 48. Rxe5+ Kg4 49. Re8 a3 50. bxa3 Rxa3 51. e5 Kf5 52. e6 Kf6 53. e7 Kf7 54. Rh8 1/2-1/2

[Event "LTU-ch blind"]
[Site "Vilnius"]
[Date "2019.03.03"]
[Round "3"]
[White "Slusnys, Evaldas"]
[Black "Pakalniskis, Romas"]
[Result "1-0"]
[WhiteElo "1849"]
[BlackElo "1604"]
[PlyCount "59"]
[EventDate "2019.03.02"]
[EventType "tourn"]
[EventRounds "9"]
[EventCountry "LTU"]
[SourceTitle "CBM 189 Extra"]
[Source "ChessBase"]
[SourceDate "2019.06.03"]
[SourceVersion "1"]
[SourceVersionDate "2019.06.03"]
[SourceQuality "1"]

1. e4 c5 2. Nf3 d6 3. d4 cxd4 4. Qxd4 Nc6 5. Bb5 Bd7 6. Bxc6 bxc6 7. c4 c5 8. Qd3 e5 9. Nc3 h6 10. 0-0 Nf6 11. Rd1 Be7 12. Nd2 0-0 13. Nf1 Ne8 14. Ne3 Bg5 15. Nb5 Bxb5 16. cxb5 Bxe3 17. Bxe3 Rc8 18. a4 Qe7 19. Rac1 Qb7 20. Qd5 Qxd5 21. Rxd5 f5 22. exf5 Rf6 23. b4 a6 24. bxc5 axb5 25. axb5 dxc5 26. Rdxc5 Rxc5 27. Rxc5 Rxf5 28. Rc8 Kf7 29. b6 e4 30. b7 1-0

[Event "LTU-ch sf"]
[Site "Klaipeda"]
[Date "2018.10.20"]
[Round "8"]
[White "Scekaciov, Rostislav"]
[Black "Pakalniskis, Romas"]
[Result "1/2-1/2"]
[WhiteElo "1508"]
[BlackElo "1603"]
[PlyCount "79"]
[EventDate "2018.09.23"]
[EventType "swiss"]
[EventRounds "9"]
[EventCountry "LTU"]
[SourceTitle "CBM 187 Extra"]
[Source "ChessBase"]
[SourceDate "2018.11.04"]
[SourceVersion "1"]
[SourceVersionDate "2018.11.04"]
[SourceQuality "1"]

1. Nf3 Nf6 2. c4 g6 3. d4 Bg7 4. Nc3 0-0 5. e4 d6 6. Bg5 h6 7. Bf4 Nh5 8. Be3 e5 9. Qd2 g5 10. 0-0-0 Nc6 11. dxe5 Nxe5 12. Nxe5 Bxe5 13. g3 Bg4 14. Be2 Bxe2 15. Qxe2 Ng7 16. f4 Bxc3 17. bxc3 Qe7 18. Bd4 f5 19. e5 c5 20. Bf2 dxe5 21. fxe5 Rfe8 22. Rhe1 Rac8 23. Rd5 Rc6 24. Red1 Qc7 25. Qe3 Qa5 26. R1d2 Qa3+ 27. Kd1 Qa4+ 28. Ke1 Qxc4 29. Rd7 Rce6 30. R2d5 f4 31. gxf4 gxf4 32. Qxc5 Qe4+ 33. Kd2 Rxe5 34. Bd4 Qe2+ 35. Kc1 Qf1+ 36. Kc2 Re2+ 37. Kb3 Qb1+ 38. Kc4 Qxa2+ 39. Kd3 Qa6+ 40. Qb5 1/2-1/2